[Event "Altensteig"]
[Site "Altensteig"]
[Date "1994.??.??"]
[Round "4"]
[White "Bezold, Michael"]
[Black "Har Zvi, Ronen"]
[Result "1/2-1/2"]
[WhiteElo "2475"]
[BlackElo "2470"]

1.d4 Nf6 2.c4 g6 3.Nc3 Bg7 4.e4 d6 5.Nf3 O-O 6.Be2 e5 7.d5 Nbd7 8.Bg5 h6
9.Bh4 g5 10.Bg3 Nh5 11.h4 g4 12.Nh2 Nxg3 13.fxg3 h5 14.O-O f5 15.exf5 Nc5
16.Bd3 e4 17.Nxe4 Nxe4 18.Bxe4 Qf6 19.Rf2 Qe5 20.Qd3 Bd7 21.f6 Rxf6 22.Re1 Kh8
23.Rfe2  1/2-1/2

[Event "Alushta1"]
[Site "Alushta"]
[Date "1994.??.??"]
[Round "8"]
[White "Lempert, Igor"]
[Black "Manakova, Maria"]
[Result "1-0"]
[WhiteElo "2495"]
[BlackElo "2315"]

1.d4 g6 2.c4 Bg7 3.Nc3 d6 4.Nf3 Nd7 5.e4 e5 6.Be2 Ngf6 7.O-O O-O 8.Re1 c6
9.Bf1 Re8 10.Rb1 Qc7 11.d5 Nf8 12.b4 Rd8 13.Qb3 Kh8 14.a4 a5 15.c5 axb4 16.cxd6 Qxd6
17.Ng5 Rd7 18.dxc6 Qxc6 19.Qxb4 Rd4 20.Qb2 Be6 21.Nxe6 Nxe6 22.Qxb7 Qxb7
23.Rxb7 Nc5 24.Rxf7 Nfxe4 25.Nxe4 Rxe4 26.Rxe4 Nxe4 27.Rc7 Nd6 28.Rd7 Nf5
29.a5 Bf8 30.Bg5 h6 31.Bf6+ Bg7 32.Bxg7+ Nxg7 33.a6 Nf5 34.f4 exf4 35.a7 Ng7
36.Be2  1-0

[Event "Andorra op"]
[Site "Andorra"]
[Date "1994.??.??"]
[Round "2"]
[White "Pogorelov, Ruslan"]
[Black "Lauridsen, Jesper Morck"]
[Result "1-0"]
[WhiteElo "2415"]
[BlackElo "2175"]

1.Nf3 Nf6 2.c4 g6 3.Nc3 Bg7 4.e4 d6 5.d4 O-O 6.Be2 e5 7.d5 Na6 8.Be3 Nh5
9.g3 Qe8 10.Nd2 f5 11.exf5 Nf6 12.fxg6 Qxg6 13.f3 Bf5 14.O-O Nb4 15.Nce4 Nxe4
16.fxe4 Bxe4 17.Rxf8+ Rxf8 18.Bh5 Bh6 19.Bf2 Qf5 20.Nxe4 Qxe4 21.Qe2 Qf5
22.Bg4 Qg6 23.Kg2 Nd3 24.Bg1 Rf4 25.Be6+ Kh8 26.Kh1 Nc1 27.Rxc1 Re4 28.Qf3  1-0

[Event "Andorra op"]
[Site "Andorra"]
[Date "1994.??.??"]
[Round "6"]
[White "Suba, Mihai"]
[Black "Marin, Mihail"]
[Result "1/2-1/2"]
[WhiteElo "2525"]
[BlackElo "2520"]

1.d4 Nf6 2.c4 g6 3.Nc3 Bg7 4.e4 d6 5.Be2 O-O 6.Nf3 e5 7.d5 a5 8.O-O Na6 9.Ne1 Nc5
10.Qc2 Nfd7 11.Nd3 f5 12.f3 Nxd3 13.Bxd3 Nc5 14.exf5 gxf5 15.Be3 Nxd3 16.Qxd3 f4
17.Bd2 Bf5 18.Ne4  1/2-1/2

[Event "Aschach op"]
[Site "Aschach"]
[Date "1994.??.??"]
[Round "?"]
[White "Knoll, Hermann"]
[Black "Keserovic, S."]
[Result "1-0"]
[WhiteElo "2290"]
[BlackElo "1710"]

1.d4 Nf6 2.c4 g6 3.Nc3 Bg7 4.e4 d6 5.Nf3 O-O 6.Be2 e5 7.Be3 Ng4 8.Bg5 f6
9.Bc1 exd4 10.Nxd4 Ne5 11.O-O Nbc6 12.f4 Nxd4 13.Qxd4 Nc6 14.Qd5+ Kh8 15.f5 Qe7
16.Bf4 Bd7 17.Rad1 b6 18.Rf3 Nb4 19.Qd2 g5 20.Bg3 g4 21.Rf2 h5 22.h3 gxh3
23.gxh3 Rg8 24.Bxh5 Bf8 25.Bg6 Be8 26.Kh2 Bxg6 27.fxg6 Rxg6 28.a3 Na6 29.Rf5 Bh6
30.Rh5 Kg7 31.Qd5 Re8 32.b4 Nb8 33.Qb7 Qf7 34.Qd5 Re6 35.Rf1 c6 36.Qf5 Kf8
37.c5 bxc5 38.bxc5 Rxg3 39.Kxg3 Qg7+ 40.Kh2 Ke7 41.Rg1 Qh8 42.Rg6 Bf4+ 43.Kh1 Re5
44.Rxh8 Rxf5  1-0

[Event "Aschach op"]
[Site "Aschach"]
[Date "1994.??.??"]
[Round "?"]
[White "Farago, Ivan"]
[Black "Gerer, Josef"]
[Result "1-0"]
[WhiteElo "2515"]
[BlackElo "2215"]

1.d4 d6 2.c4 g6 3.e4 e5 4.Nf3 Bg7 5.Nc3 Nd7 6.Be2 Ngf6 7.O-O O-O 8.Be3 h6
9.d5 Re8 10.Nd2 a5 11.a3 Nh7 12.Qc2 Rf8 13.b4 f5 14.f3 f4 15.Bf2 g5 16.c5 Ndf6
17.cxd6 cxd6 18.Nb5 axb4 19.axb4 Rxa1 20.Rxa1 Qe7 21.Qc7 Qxc7 22.Nxc7 Bd7
23.Ra7 Rb8 24.Nc4 Bf8 25.Na5 Bc8 26.Na8 g4 27.Nb6 Ng5 28.Bh4 Be7 29.Nac4 gxf3
30.gxf3 Bh3 31.Be1 Kf7 32.Ra8 Rxa8 33.Nxa8 Ke8 34.Na5 Bc8 35.h4 Nf7 36.Bb5+ Kd8
37.Bf2 Nd7 38.Nb6 Nf6 39.Bc6 bxc6 40.Nxc6+ Kc7 41.Nxc8 Kxc8 42.Nxe7+ Kb7
43.Kf1 Ka6 44.Ke2 Kb5 45.Nc6 Kc4 46.Be1 Ne8 47.Na5+ Kb5 48.Kd3 Nc7 49.Nc6 Ka4
50.Bf2 Nb5 51.Bb6 Kb3 52.Bd8 Nxd8 53.Nxd8 Kxb4 54.Ke2 h5 55.Ne6 Kc4 56.Ng7 Nc3+
57.Kd2 Nb5 58.Ke2 Nc3+ 59.Kf1 Kd3 60.Nxh5 Ke3 61.Kg2 Nb1 62.Nf6 Nd2 63.Ng4+ Ke2
64.Nh2  1-0

[Event "AUT-ch"]
[Site "Austria"]
[Date "1994.??.??"]
[Round "4"]
[White "Hoelzl, Franz"]
[Black "Stoppel, Franz"]
[Result "1/2-1/2"]
[WhiteElo "2370"]
[BlackElo "2215"]

1.d4 Nf6 2.c4 g6 3.Nc3 Bg7 4.e4 d6 5.Be2 O-O 6.Nf3 e5 7.Be3 exd4 8.Nxd4 Re8
9.f3 Nc6 10.Qd2 Nxd4 11.Bxd4 Be6 12.O-O c6 13.Rfd1 Qa5 14.a3 Rad8 15.b4 Qc7
16.Rac1 Qb8 17.Bf1 d5 18.exd5 cxd5 19.c5 a6 20.a4 Nh5 21.Ne2 Bd7 22.Qa2 Bh6
23.Ra1 Nf4 24.Nc3 Ne6 25.Bf6 d4 26.Bxd8 dxc3 27.Bf6 Qf4 28.Bxc3 Qe3+ 29.Kh1 Qxc3
30.Rxd7 Qxb4 31.Rb1 Qxc5 32.Rdxb7 a5 33.Rb8 Rxb8 34.Rxb8+ Bf8 35.Rb5 Qc3
36.Qc4 Qe1 37.Qe2 Qc3 38.Qd3 Qe1 39.Qb1 Qc3 40.Rb8 h5 41.h3 Qe5 42.Qb5 Qa1
43.Qc4 Qe1 44.Ra8 Kg7 45.Qe2 Qc3 46.Rb8 Bb4 47.Rb5 Kh7 48.Rb7 Kg8 49.Qb5 Kg7
50.Qd5 Qe1 51.Qd3 Bc5 52.Qb1 Qg3 53.Rd7 Bd6 54.Rxd6  1/2-1/2

[Event "AUT-ch"]
[Site "Austria"]
[Date "1994.??.??"]
[Round "6"]
[White "Titz, Heimo"]
[Black "Liedl, Wolfgang"]
[Result "1-0"]
[WhiteElo "2330"]
[BlackElo "2230"]

1.c4 Nf6 2.Nc3 g6 3.e4 d6 4.d4 Bg7 5.Nf3 O-O 6.Be2 e5 7.Be3 Na6 8.O-O Ng4
9.Bg5 Qe8 10.dxe5 dxe5 11.h3 h6 12.Bd2 Nf6 13.Be3 Nh5 14.Re1 Nf4 15.Bf1 c6
16.c5 g5 17.Nd2 Qe7 18.Bxa6 bxa6 19.Nc4 Be6 20.Nd6 Rab8 21.Qc2 Rb4 22.Rad1 Rfb8
23.b3 Qf6 24.Nf5 Bf8 25.Rd2 Kh8 26.Red1 h5 27.Kh2 g4 28.hxg4 hxg4 29.Rh1 Kg8
30.Kg1 a5 31.Ng3 Qg6 32.Nf5 Qf6 33.Kf1 a4 34.Nxa4 Nd5 35.Rxd5 cxd5 36.Nh6+ Bxh6
37.Rxh6 Qg7 38.exd5 Bxd5 39.c6 Be4 40.Qc3 Bxc6 41.Qxc6 g3 42.Nc3 e4 43.Rh5  1-0

[Event "AUT-ch"]
[Site "Austria"]
[Date "1994.??.??"]
[Round "8"]
[White "Titz, Heimo"]
[Black "Bonstingl, Georg"]
[Result "1-0"]
[WhiteElo "2330"]
[BlackElo "2225"]

1.c4 g6 2.e4 Bg7 3.d4 d6 4.Nc3 Nf6 5.Nf3 O-O 6.Be2 e5 7.d5 a5 8.Bg5 h6 9.Bh4 Na6
10.Nd2 Nc5 11.O-O Bd7 12.b3 g5 13.Bg3 Ne8 14.a3 f5 15.f3 f4 16.Bf2 Rf6 17.b4 axb4
18.axb4 Rxa1 19.Qxa1 Na6 20.Qa3 h5 21.c5 Nb8 22.Qa7 Rg6 23.Qxb7 g4 24.Ra1 g3
25.hxg3 fxg3 26.Be3 dxc5 27.bxc5 Bh6 28.Bxh6 Rxh6 29.Nf1 h4 30.Ra8 h3 31.Qxb8 Qg5
32.Qd8 Qg7 33.c6 hxg2 34.Qxd7 gxf1=Q+ 35.Bxf1  1-0

[Event "AUT-ch"]
[Site "Austria"]
[Date "1994.??.??"]
[Round "9"]
[White "Titz, Heimo"]
[Black "Raubal, Martin"]
[Result "1-0"]
[WhiteElo "2330"]
[BlackElo "2185"]

1.c4 Nf6 2.Nc3 g6 3.e4 d6 4.d4 Bg7 5.Nf3 O-O 6.Be2 e5 7.d5 a5 8.Bg5 Nbd7
9.Nd2 h6 10.Bh4 Nc5 11.O-O Bd7 12.b3 Qe8 13.a3 g5 14.Bg3 Nfxe4 15.Ndxe4 Nxe4
16.Nxe4 f5 17.Bd3 fxe4 18.Bxe4 Bf5 19.Qc2 Qg6 20.Rae1 b6 21.f3 Kh7 22.h3 Rf7
23.Bxf5 Rxf5 24.Re4 Raf8 25.Rfe1 h5 26.b4 axb4 27.axb4 Bh6 28.c5 bxc5 29.bxc5 R8f7
30.cxd6 cxd6 31.Rc4 Bf8 32.Ree4 Rg7 33.Rc8 Rff7 34.Qc6 Qf5 35.Qc2 Kh6 36.Rcc4 Qd7
37.Rc6 Rg6 38.Bxe5 Qf5 39.Bg3 Qxd5 40.Rc8 Re6 41.Rxe6+ Qxe6 42.Qc6 Bg7 43.Qxd6 Qxd6
44.Bxd6 Rf6 45.Bc5 Re6 46.Kf2 Kg6 47.Be3 Bf6 48.Rc5 Ra6 49.h4 gxh4 50.f4 Be7
51.Rb5 Ra2+ 52.Kf3 Ra3 53.f5+ Kf6 54.Ke4 Ra2 55.Bd4+ Kf7 56.Rb7 Kf8 57.f6 Bxf6
58.Bxf6 Rxg2 59.Kf5 Rf2+ 60.Ke6 Kg8 61.Rg7+ Kf8 62.Rh7 Re2+ 63.Be5 Rg2 64.Rh8+ Rg8
65.Rxh5 Rg4 66.Rh8+ Rg8 67.Rxh4 Rg6+ 68.Bf6 Rg2 69.Ra4 Re2+ 70.Be5 Kg8 71.Rh4  1-0

[Event "AUT-chT"]
[Site "?"]
[Date "1994.??.??"]
[Round "?"]
[White "Zebedin, Wolfgang"]
[Black "Pils, Walter"]
[Result "0-1"]
[WhiteElo "2195"]
[BlackElo "2360"]

1.d4 g6 2.c4 Bg7 3.e4 d6 4.Nc3 Nf6 5.Be2 O-O 6.Nf3 e5 7.O-O Nbd7 8.d5 a5
9.Bg5 h6 10.Be3 Ng4 11.Bd2 f5 12.Ne1 Ngf6 13.Qc2 Nc5 14.f3 Bd7 15.Nd3 b6
16.Rad1 Kh8 17.Nxc5 bxc5 18.Bd3 f4 19.g4 Nh7 20.Be1 Bf6 21.a4 h5 22.h3 Ng5
23.Qg2 Kg7 24.Kf2 Rh8 25.Rh1 hxg4 26.hxg4 Rxh1 27.Qxh1 Qe7 28.Qg2 Rh8 29.Bd2 Rh3
30.Be2 Rg3 31.Qh1 Nh3+ 32.Kf1 Bh4 33.Be1 Rg1+ 34.Qxg1 Nxg1 35.Kxg1 Bxe1 36.Rxe1 Qh4
37.Rf1 Qg3+ 38.Kh1 Kf6 39.Bd1 Kg5 40.Ne2 Qh3+ 41.Kg1 Bxg4 42.fxg4 f3 43.Kf2 Qg2+
44.Ke1 fxe2 45.Bxe2 Qxe4 46.Rf7 Qb1+ 47.Kf2 Qxb2 48.Rxc7 Qd4+ 49.Ke1 Kf4
50.Rf7+ Ke3 51.Rf3+ Ke4 52.Rf6 Qc3+ 53.Kf2 Qe3+ 54.Kf1 Qh3+ 55.Kg1 Qg3+ 56.Kf1 Ke3  0-1

[Event "AUT-chT"]
[Site "?"]
[Date "1994.??.??"]
[Round "?"]
[White "Kaspret, Guido"]
[Black "Watzka, Horst"]
[Result "1/2-1/2"]
[WhiteElo "2315"]
[BlackElo "2320"]

1.d4 Nf6 2.c4 g6 3.Nc3 Bg7 4.e4 d6 5.Be2 O-O 6.Nf3 e5 7.Be3 c6 8.dxe5 dxe5
9.O-O Nbd7 10.Nd2 Qe7 11.Qa4 Ne8 12.b4 Bf6 13.c5 Bg5 14.Nc4 Bxe3 15.fxe3 Kg7
16.Rad1 a6 17.Qa5 Rb8 18.Rd2 Qg5 19.Rf3 Qe7 20.Bd1 Ndf6 21.Qd8 Qxd8 22.Rxd8 Nd7
23.Bb3 f6 24.Rf2 Nc7 25.Rxf8 Nxf8 26.Rd2 Be6 27.Na5 Bxb3 28.Nxb3 Kf7 29.Na5 Ke7
30.Kf2 Nfe6 31.Rd6 Nd8 32.Rd1 Nde6 33.Rd6 Nd8 34.g4 Nce6 35.h4 Rc8 36.Rd1 Rc7
37.Na4 Rd7 38.Rxd7+ Kxd7 39.Nb6+ Kc7 40.Nbc4 Nf7  1/2-1/2

[Event "AUT-chT"]
[Site "?"]
[Date "1994.??.??"]
[Round "?"]
[White "Hertneck, Gerald"]
[Black "Barbero, Gerardo F"]
[Result "1-0"]
[WhiteElo "2555"]
[BlackElo "2520"]

1.d4 Nf6 2.c4 g6 3.Nc3 Bg7 4.e4 d6 5.Nf3 O-O 6.Be2 e5 7.O-O exd4 8.Nxd4 Re8
9.f3 c6 10.Nb3 a5 11.Na4 c5 12.Rb1 Bd7 13.Nc3 a4 14.Na1 Nh5 15.Nc2 Qh4 16.Nd5 Nc6
17.Rf2 f5 18.Nc7 Nd4 19.g3 Nxg3 20.hxg3 Qxg3+ 21.Rg2 Qh3 22.Be3 fxe4 23.Bxd4 cxd4
24.Nxd4 Bxd4+ 25.Qxd4 exf3 26.Qd5+  1-0

[Event "AUT-chT"]
[Site "?"]
[Date "1994.??.??"]
[Round "?"]
[White "Postl, Anton"]
[Black "Peterwagner, Heinz"]
[Result "1/2-1/2"]
[WhiteElo "2290"]
[BlackElo "2215"]

1.d4 Nf6 2.c4 g6 3.Nc3 Bg7 4.e4 d6 5.Nf3 O-O 6.Be2 Nbd7 7.O-O e5 8.Re1 exd4
9.Nxd4 Nc5 10.Bf1 h6 11.f3 Re8 12.Be3 Bd7 13.Qd2 Kh7 14.Rad1 Qe7 15.Nd5 Qd8
16.b4 Ne6 17.Nb3 Ba4 18.c5 dxc5 19.bxc5 Bxb3 20.axb3 c6 21.Nxf6+ Qxf6 22.Qb4 Qe7
23.Qc4 Red8 24.f4 Rxd1 25.Rxd1 Rd8 26.Rxd8 Qxd8 27.e5 Bf8 28.h3 Kg7 29.Kh2 Qa5
30.f5 gxf5 31.Qh4 f4 32.Bxf4 Nxf4 33.Qxf4 Qxc5 34.Bd3 Kg8 35.Qf5  1/2-1/2

[Event "AUT-chT"]
[Site "?"]
[Date "1994.??.??"]
[Round "?"]
[White "Titz, Heimo"]
[Black "Seuss, Oswald"]
[Result "1-0"]
[WhiteElo "2290"]
[BlackElo "2130"]

1.c4 Nf6 2.Nc3 g6 3.e4 d6 4.d4 Bg7 5.Nf3 O-O 6.Be2 e5 7.Be3 Nc6 8.d5 Ne7
9.Nd2 Nd7 10.O-O f5 11.f3 f4 12.Bf2 g5 13.b4 Nf6 14.c5 h5 15.Nc4 Ne8 16.Nb5 Bd7
17.a4 a6 18.cxd6 axb5 19.dxe7 Qxe7 20.Bc5 Nd6 21.Bxd6 cxd6 22.Nb6 bxa4 23.Nxa8 Rxa8
24.b5 Qd8 25.Rxa4 Qb6+ 26.Kh1 Rxa4 27.Qxa4 g4 28.fxg4 hxg4 29.Qd1 g3 30.hxg3 Bh6
31.Bg4 Qxb5 32.Bxd7 Qxd7 33.Qh5 Kg7 34.Rf3 b5 35.g4 Qe7 36.Rh3 Qf6 37.Qf5  1-0

[Event "AUT-chT2S 9394"]
[Site "AUT"]
[Date "1994.??.??"]
[Round "?"]
[White "Detter, Peter"]
[Black "Weiss, Leo"]
[Result "1-0"]
[WhiteElo "2110"]
[BlackElo "2190"]

1.Nf3 Nf6 2.c4 g6 3.Nc3 Bg7 4.e4 d6 5.d4 O-O 6.Be2 e5 7.dxe5 dxe5 8.Qxd8 Rxd8
9.Bg5 Re8 10.Nd5 Nxd5 11.cxd5 c6 12.Bc4 cxd5 13.Bxd5 Nc6 14.O-O-O Bg4 15.Kb1 Nd4
16.Nxd4 Bxd1 17.Nb5 h6 18.Be3 Re7 19.Rxd1 a6 20.Nd6 Rd8 21.Nxf7 Rxd5 22.Nxh6+ Bxh6
23.exd5 Bxe3 24.fxe3 Kf8 25.Kc2 Rf7 26.Rd2  1-0

[Event "AUT-chT2S 9394"]
[Site "AUT"]
[Date "1994.??.??"]
[Round "?"]
[White "Kastner, Walter"]
[Black "Stranegger, E."]
[Result "1-0"]
[WhiteElo "2205"]
[BlackElo "2120"]

1.Nf3 Nf6 2.c4 g6 3.Nc3 Bg7 4.e4 d6 5.d4 O-O 6.Be2 Nbd7 7.O-O e5 8.Qc2 a5
9.Rd1 exd4 10.Nxd4 Re8 11.Be3 Nc5 12.f3 Qe7 13.Ndb5 Na6 14.Bg5 Be6 15.Qd2 Qf8
16.Nd5 Nxd5 17.cxd5 Bd7 18.Rac1 Rec8 19.Be3 b6 20.Nd4 Nc5 21.Bd3 Qe7 22.Bc2 Re8
23.Re1 Qd8 24.b3 Qb8 25.a3 b5 26.b4 axb4 27.axb4 Na4 28.Bd3 Qb7 29.Rc2 Rec8
30.Rec1 Bf6 31.Qe2 Rab8 32.Nb3 Bd8 33.Na5 Qa8 34.Qd2 Nb6 35.Bd4 f6 36.Ra2 Na4
37.Qf4 Kg7 38.Rac2 Nb6 39.Rxc7 Rxc7 40.Rxc7 Rc8 41.Rb7 Rb8 42.Rxb8 Qxb8 43.Qc1 Nc8
44.Nc6 Bxc6 45.Qxc6 Na7 46.Qd7+  1-0

[Event "AUT-chT2S 9394"]
[Site "AUT"]
[Date "1994.??.??"]
[Round "?"]
[White "Wilfling, Hermann"]
[Black "Schantl, P."]
[Result "1-0"]
[WhiteElo "2145"]
[BlackElo "2060"]

1.c4 Nf6 2.Nc3 g6 3.e4 d6 4.d4 Bg7 5.Nf3 O-O 6.Be2 e5 7.O-O Nbd7 8.dxe5 dxe5
9.Qc2 c6 10.Rd1 Qe7 11.h3 Nh5 12.Bf1 f5 13.exf5 gxf5 14.Bg5 Ndf6 15.Nh4 e4
16.Ne2 Qe5 17.g3 Nd7 18.Rab1 Nc5 19.Nf4 Ne6 20.Nxe6 Bxe6 21.Ng2 Rae8 22.Nf4 Nxg3
23.fxg3 h6 24.Bh4  1-0

[Event "AUT-chT2S 9394"]
[Site "AUT"]
[Date "1994.??.??"]
[Round "?"]
[White "Janisch, Robert"]
[Black "Scheck, Rudolf"]
[Result "1/2-1/2"]
[WhiteElo "2200"]
[BlackElo "2085"]

1.d4 Nf6 2.c4 g6 3.Nc3 Bg7 4.e4 d6 5.Nf3 O-O 6.Be2 e5 7.d5 Na6 8.Bg5 h6 9.Bh4 g5
10.Bg3 Nxe4 11.Nxe4 f5 12.Nfd2 fxe4 13.Nxe4 Bf5 14.Bd3 g4 15.h3 gxh3 16.Rxh3 Bxh3
17.gxh3 Qd7 18.Qd2 Qxh3 19.O-O-O Rf3 20.Be2 Raf8 21.Bxf3 Rxf3 22.Rg1 Qg4
23.Qe2 Nc5 24.Nxc5 dxc5 25.Re1 Qf5 26.Qe4 Bf6 27.Qxf5 Rxf5 28.Kd2 Kf7 29.Ke3 Bg5+
30.Ke4 Kf6 31.Rh1 b6 32.b3 Bf4 33.Bh4+ Bg5 34.Bg3 Bf4 35.Bh4+ Kg6 36.Rg1+ Bg5
37.Bg3 Kf6 38.Rh1 Bf4 39.Bh4+ Kg6 40.Rg1+ Bg5 41.Bg3 a5 42.a4  1/2-1/2

[Event "AUT-chT2S 9394"]
[Site "AUT"]
[Date "1994.??.??"]
[Round "?"]
[White "Titz, Heimo"]
[Black "Steflitsch, Erich"]
[Result "0-1"]
[WhiteElo "2290"]
[BlackElo "2290"]

1.Nf3 Nf6 2.c4 g6 3.Nc3 Bg7 4.e4 d6 5.d4 O-O 6.Be2 e5 7.Be3 exd4 8.Nxd4 Re8
9.f3 c6 10.Bf2 d5 11.cxd5 cxd5 12.exd5 Nxd5 13.O-O Nf4 14.Bb5 Qg5 15.Bg3 Rd8
16.Ne4 Qe5 17.Kh1 Rxd4 18.Qc1 Bf5 19.a4 Bh6 20.Re1 Nd7 21.Ra3 Bxe4 22.fxe4 Nf6
23.Rc3 Nxe4 24.Rc8+ Rxc8 25.Qxc8+ Kg7 26.Kg1 Rd2 27.Qg4 Rxg2+ 28.Kh1 Rxg3  0-1

[Event "Bad Ragaz"]
[Site "Bad Ragaz"]
[Date "1994.??.??"]
[Round "1"]
[White "Huss, Andreas"]
[Black "Raeber, Markus"]
[Result "1-0"]
[WhiteElo "2425"]
[BlackElo "2000"]

1.d4 Nf6 2.Nf3 g6 3.c4 Bg7 4.Nc3 O-O 5.e4 d6 6.Be2 e5 7.d5 a5 8.Bg5 Na6 9.Nd2 h6
10.Be3 Ne8 11.O-O f5 12.exf5 gxf5 13.f4 e4 14.Nb3 Nf6 15.Nxa5 c5 16.Nb3 Bd7
17.Rb1 Qe7 18.Na1 Nb4 19.a3 Nd3 20.h3 Rfe8 21.Nc2 Qf7 22.Qd2 b5 23.b3 Rab8
24.Bxd3 exd3 25.Qxd3 Ne4 26.Bd2 bxc4 27.bxc4 Qg6 28.Kh2 h5 29.Nxe4 fxe4 30.Qg3 Qxg3+
31.Kxg3 Ra8 32.Rb7 Bf5 33.Bc1 Bd4 34.Re1 Ra4 35.Ne3 Bxe3 36.Rxe3 Rxc4 37.Bb2 Rd4
38.Kh4 Rxd5 39.g4 hxg4 40.hxg4 Bc8 41.Rg7+ Kf8 42.Rh7 Rd2 43.Rh8+ Kf7 44.Rxe8 Kxe8
45.Rxe4+ Kf7 46.Bc1 Rd1 47.Rc4 Kg6 48.f5+ Bxf5 49.gxf5+ Kxf5 50.Kg3 Ke6 51.Kf2 Kd5
52.Rc2 Rh1 53.Bf4 Kc6 54.Ra2 d5 55.a4 Rh7 56.a5 Kb5 57.Bd2 d4 58.Rb2+ Kc4
59.a6 Rf7+ 60.Ke2 Re7+ 61.Kd1 Kd3 62.Rb3+ Kc4 63.Kc2 Rg7 64.Ra3 Ra7 65.Ra5 Kd5
66.Bb4 Kc4 67.Bxc5 Ra8 68.a7 d3+ 69.Kd2 Kd5 70.Kxd3 Kc6 71.Kc4 Kc7 72.Rb5 Rh8
73.Rb8  1-0

[Event "Bad Ragaz"]
[Site "Bad Ragaz"]
[Date "1994.??.??"]
[Round "7"]
[White "Huss, Andreas"]
[Black "Cvitan, Ognjen"]
[Result "0-1"]
[WhiteElo "2425"]
[BlackElo "2570"]

1.d4 Nf6 2.Nf3 g6 3.c4 Bg7 4.Nc3 O-O 5.e4 d6 6.Be2 e5 7.d5 a5 8.Bg5 h6 9.Bh4 Na6
10.O-O Qe8 11.Ne1 g5 12.Bg3 Nxe4 13.Nxe4 f5 14.Bh5 Qe7 15.f3 fxe4 16.fxe4 Rxf1+
17.Kxf1 Nc5 18.Qe2 g4 19.Bxg4 Bxg4 20.Qxg4 Qg5 21.Qxg5 hxg5 22.Bf2 Nxe4 23.Be3 g4
24.Ke2 Kf7 25.Nd3 c6 26.Nf2 cxd5 27.cxd5 Nf6 28.Rd1 Kg6 29.Rc1 Bf8 30.a4 Kf5
31.Rd1 Rc8 32.Bb6 Bh6 33.Bxa5 Rc2+ 34.Kf1 Be3 35.Nh1 Rxb2 36.Ng3+ Kg6 37.Bd8 Rf2+
38.Ke1 Rxg2 39.Bxf6 Kxf6 40.Ne4+ Kf5 41.Nxd6+ Kf4 42.Nc4 Rxh2 43.Rd3 Bc5
44.Nd2 Bb4 45.d6 Rxd2 46.Rxd2 Ke3  0-1

[Event "Bad Ragaz op"]
[Site "Bad Ragaz"]
[Date "1994.??.??"]
[Round "8"]
[White "Giertz, Niklaus"]
[Black "Salov, Sergei"]
[Result "0-1"]
[WhiteElo "2270"]
[BlackElo "2270"]

1.Nf3 Nf6 2.c4 g6 3.Nc3 d6 4.d4 Nbd7 5.e4 e5 6.Be2 Bg7 7.O-O O-O 8.Be3 Ng4
9.Bg5 f6 10.Bc1 Nh6 11.h3 Nf7 12.Be3 f5 13.exf5 gxf5 14.dxe5 dxe5 15.Qc2 e4
16.Nd4 Nde5 17.Rad1 Qh4 18.f4 exf3 19.Nxf3 Nxf3+ 20.Rxf3 c6 21.Bf1 Be6 22.Bf2 Qh6
23.Bd4 Ng5 24.Rf2 Bxd4 25.Rxd4 Qg7 26.Rh4 f4 27.Kh1 f3 28.Ne4 Bf5 29.gxf3 Bg6
30.c5 Kh8 31.Bg2 Rad8 32.Rd2 Rxd2 33.Qxd2 Nxf3 34.Bxf3 Rxf3 35.Ng5 Rd3 36.Qe2 Qf6
37.Rxh7+ Bxh7 38.Nxh7 Qf3+  0-1

[Event "EUCup Gr4"]
[Site "Balatonbereny"]
[Date "1994.??.??"]
[Round "?"]
[White "Tratar, Marko"]
[Black "Burwick, Malte"]
[Result "1-0"]
[WhiteElo "2365"]
[BlackElo "2230"]

1.d4 Nf6 2.Nf3 g6 3.c4 Bg7 4.Nc3 O-O 5.e4 d6 6.Be2 e5 7.O-O exd4 8.Nxd4 Re8
9.f3 Nh5 10.g4 Nf6 11.Kh1 Nc6 12.Be3 h5 13.g5 Nd7 14.Rg1 Nc5 15.Qd2 Bh3 16.Rad1 a5
17.Nd5 Nb4 18.Nb5 Nxd5 19.cxd5 Qe7 20.Qc2 Be5 21.Bf1 Bxf1 22.Rgxf1 Qd7 23.Nc3 Qh3
24.Qg2 Qxg2+ 25.Kxg2 Re7 26.Rf2 Bg7 27.Rc2 b6 28.Nb5 f5 29.gxf6 Bxf6 30.Nd4 Rf8
31.Nc6 Ref7 32.Bxc5 bxc5 33.Rd3 g5 34.h3 Kh7 35.Rb3 a4 36.Rb7 Ra8 37.Re2 a3
38.b3 Bc3 39.Rc2 Bb2 40.b4 cxb4 41.Nxb4 Kh6 42.Rcxc7 Rxc7 43.Rxc7 Ra4 44.Nc2 g4
45.hxg4 hxg4 46.Ne3 gxf3+ 47.Kxf3 Kg5 48.Nc4 Ra6 49.Ke3 Bc1+ 50.Kd3 Bf4 51.Rc6 Ra7
52.Nxd6 Rh7 53.Nc4 Rh2 54.Ra6 Rxa2 55.Rxa3 Rh2 56.Ra8 Kg6 57.e5 Kf7 58.Ke4 Bc1
59.Nd6+ Kg6 60.Rg8+  1-0

[Event "Balatonbereny op"]
[Site "Balatonbereny"]
[Date "1994.??.??"]
[Round "5"]
[White "Kosztolanczi, Gyula"]
[Black "Kahn, Evarth"]
[Result "0-1"]
[WhiteElo "2210"]
[BlackElo "2320"]

1.Nf3 Nf6 2.c4 g6 3.Nc3 Bg7 4.e4 d6 5.d4 O-O 6.Be2 e5 7.dxe5 dxe5 8.Qxd8 Rxd8
9.Bg5 c6 10.Nxe5 Re8 11.O-O-O Na6 12.Rd6 Be6 13.f4 h6 14.Bh4 Nc5 15.Bf3 Nh7
16.Bf2 Bxe5 17.fxe5 Nd7 18.Bg3 Nhf8 19.Be2 a5 20.Nd5 cxd5 21.cxd5 Nc5 22.dxe6 Nfxe6
23.Bf3 a4 24.h4 Ra5 25.Be1 Raa8 26.Bb4 Na6 27.Bc3 a3 28.Kb1 axb2 29.Bxb2 Nac5
30.Re1 Ra4 31.Bd1 Rxe4 32.Rxe4 Nxe4 33.Rb6 Rd8 34.Bg4 N6c5 35.e6 fxe6 36.Bxe6+ Kh7
37.a3 Rd1+ 38.Kc2 Rd2+ 39.Kc1 Rxg2 40.Bd4 Re2 41.Bc4 Rh2 42.Rb5 Rh1+ 43.Kb2 b6
44.Bxc5 Nxc5 45.Rb4 Kg7 46.Bd5 Rd1 47.Bc4 Rd4 48.Bb5 Rxb4+ 49.axb4 Ne6 50.Kc3 Kf6
51.Kc4 Ke5 52.Be8 g5 53.hxg5 hxg5 54.Bh5 Nc7 55.Bf3 Kf4 56.Bb7 g4 57.Bc6 Ke3
58.Bb7 g3 59.Bc6 Kf2 60.Kd4 Na6 61.Kc4 Nc7 62.Kd4 g2 63.Bxg2 Kxg2 64.Ke5 Kf3
65.Kd6 Na8 66.Kc6 Ke4 67.Kb7 Kd5 68.Kxa8 Kc4 69.Kb7 b5 70.Kc6 Kxb4  0-1

[Event "Balatonbereny op"]
[Site "Balatonbereny"]
[Date "1994.??.??"]
[Round "7"]
[White "Agamaliev, Djamil"]
[Black "Kahn, Evarth"]
[Result "1-0"]
[WhiteElo "2440"]
[BlackElo "2320"]

1.d4 Nf6 2.Nf3 g6 3.c4 Bg7 4.Nc3 O-O 5.e4 d6 6.Be2 e5 7.d5 Na6 8.O-O Nc5
9.Qc2 a5 10.Bg5 h6 11.Be3 Nh5 12.g3 Bd7 13.Ne1 Qe8 14.Ng2 f5 15.Bxh5 gxh5
16.exf5 Bxf5 17.Qd2 Rf6 18.Bxc5 dxc5 19.Qe3 e4 20.Qxc5 Qe5 21.Qe3 Rb6 22.Nb5 Qxb2
23.d6 Rxb5 24.cxb5 cxd6 25.Qb6 e3 26.Nxe3 Be4 27.Qxd6 Kh8 28.a4 Rf8 29.Rac1 Qa2
30.Rc4 Bh7 31.Qd7 Bg8 32.Rc7 Rf7 33.Qc8 Rxc7 34.Qxc7 Qxa4 35.Nf5 Qg4 36.Nxg7 Qxg7
37.Qxg7+ Kxg7 38.Ra1 b6 39.Rc1 Bd5 40.Rc6  1-0

[Event "Balatonbereny op"]
[Site "Balatonbereny"]
[Date "1994.??.??"]
[Round "8"]
[White "Zimmerman, Yuri"]
[Black "Gouliev, Namig"]
[Result "1/2-1/2"]
[WhiteElo "2320"]
[BlackElo "2370"]

1.d4 Nf6 2.c4 g6 3.Nc3 Bg7 4.e4 d6 5.Be2 O-O 6.Nf3 e5 7.O-O exd4 8.Nxd4 Re8
9.f3 c6 10.Kh1 Nh5 11.g4 Qf6 12.Be3 Nf4 13.Qd2 Nxe2 14.Ndxe2 Qe7 15.Bg5 Qc7
16.Rad1 Be6 17.b3 a5 18.Qxd6 Qxd6 19.Rxd6 a4 20.Nxa4 Bxc4 21.bxc4 Rxa4 22.Rfd1 h6
23.Be3 Rxa2 24.Rd8 Rxd8 25.Rxd8+ Kh7 26.Ng3 Ra3 27.Bg1 Na6 28.Rd7 Rxf3 29.Rxb7 Be5
30.Kg2 Rc3 31.Rxf7+ Kg8 32.Re7 Bxg3 33.hxg3 Rxc4 34.Be3 g5 35.Kf3 Nb4 36.Rd7 Rc3
37.Ke2 Nc2 38.Bf2 c5 39.Rc7 Nb4 40.Bxc5 Nd3 41.Rg7+ Kxg7 42.Bd4+ Kg6 43.Bxc3 Nc5
44.Kf3 Kf7 45.Ke3 Ne6 46.Bb4 Ng7 47.Ba3 Ne6 48.Kd3 Ng7 49.Bb4 Ne6 50.Kc4 Ng7
51.Kd5 Ne6 52.Bc3 Nf8  1/2-1/2

[Event "Barcelona UGA"]
[Site "Barcelona"]
[Date "1994.??.??"]
[Round "3"]
[White "Moreno, Javier"]
[Black "Pares Vives, Jose"]
[Result "1/2-1/2"]
[WhiteElo "2220"]
[BlackElo "2375"]

1.Nf3 Nf6 2.c4 g6 3.Nc3 Bg7 4.e4 O-O 5.d4 d6 6.Be2 Nbd7 7.O-O e5 8.d5 Nc5
9.Qc2 a5 10.Be3 Nfd7 11.a3 a4 12.Ne1 Nb3 13.Rd1 Ndc5 14.Nd3 Nd4 15.Bxd4 exd4
16.Nxc5 dxc3 17.Nxa4 cxb2 18.Qb3 Qe8 19.Nc3 f5 20.Nb5 Rf7 21.Nd4 fxe4 22.Qxb2 Qa4
23.Qb1 Re7 24.Ne6 Bxe6 25.dxe6 Rxe6 26.Qxb7 Re7 27.c5 dxc5 28.Qd5+ Kh8 29.Qxc5 Bf6
30.Bc4 Kg7 31.Bd5 Qxa3 32.Qc6 Rae8 33.Rde1 Qb4 34.Re2 Bc3 35.Rc1 Bd4 36.Qc4 Qxc4
37.Rxc4 c5 38.Bc6 Rb8 39.g3 Rb6 40.Bd5 Re5 41.Ba8 e3 42.fxe3 Rxe3 43.Rxe3 Bxe3+
44.Kf1 Rb1+ 45.Ke2 Bg1 46.h3 Bd4 47.Be4 Rg1 48.Kf3 Rf1+ 49.Kg2 Rf2+ 50.Kh1 Re2
51.Bd5 Re3 52.Kg2 Re2+ 53.Kf3 Rh2 54.h4 Kf6 55.Ra4 Rf2+ 56.Kg4 Ke5 57.Bg8 h5+
58.Kh3 Rf6 59.Bc4 Rb6 60.Ra6 Rxa6  1/2-1/2

[Event "Oberliga Bayern9394"]
[Site "Bayern"]
[Date "1994.??.??"]
[Round "?"]
[White "Kraeussling, Andreas"]
[Black "Luft, Andreas"]
[Result "1-0"]
[WhiteElo "2270"]
[BlackElo "2285"]

1.d4 Nf6 2.Nf3 g6 3.c4 Bg7 4.Nc3 O-O 5.e4 d6 6.Be2 e5 7.dxe5 dxe5 8.Qxd8 Rxd8
9.Bg5 c6 10.Nxe5 Re8 11.O-O-O Na6 12.Rd6 Be6 13.f4 Nc5 14.Bf3 h6 15.Bh4 g5
16.Bf2 Na6 17.g3 Nh7 18.b3 Nf8 19.h4 Ng6 20.Nxg6 Bxc3 21.Ne5 Bb4 22.Rdd1 f6
23.Nd7 Be7 24.hxg5 hxg5 25.fxg5 fxg5 26.Bd4 Ba3+ 27.Kb1 Bxd7 28.Rh8+ Kf7
29.Bh5+ Ke7 30.Rh7+ Kd8 31.Bf6+ Re7 32.Bxe7+ Bxe7 33.Rh8+ Kc7 34.Rxa8 Bc8
35.Rxc8+ Kxc8 36.Bg4+ Kb8 37.e5 Nc5 38.Bf5 a5 39.Kc2 Kc7 40.Rh1 Kb6 41.Rh7  1-0

[Event "Regionalliga SW9495"]
[Site "Bayern"]
[Date "1994.??.??"]
[Round "5"]
[White "Drexel, Michael"]
[Black "Wiest, Franz"]
[Result "0-1"]
[WhiteElo "2075"]
[BlackElo "2000"]

1.d4 Nf6 2.c4 g6 3.Nc3 Bg7 4.e4 O-O 5.Be2 d6 6.Be3 e5 7.Nf3 Nc6 8.d5 Ne7
9.Nd2 Nd7 10.O-O f5 11.f3 f4 12.Bf2 g5 13.b4 Ng6 14.c5 Nf6 15.cxd6 cxd6 16.Rc1 Rf7
17.Nc4 Bf8 18.Nb5 b6 19.a4 g4 20.a5 g3 21.hxg3 Nh5 22.gxf4 Ngxf4 23.Ne3 Qg5
24.Ng4 Nxe2+ 25.Qxe2 Ba6 26.Qc4 Nf4 27.Be3 h5 28.Bxf4 Qxf4 29.Nh2 Rc8 30.Qxc8 Bxc8
31.Rxc8 Kh7 32.Rd8 bxa5 33.bxa5 Qe3+ 34.Kh1 Qc5 35.Rb8 a6 36.Rb1 axb5 37.R8xb5 Qa3
38.Nf1 h4 39.Nh2 Bh6 40.Ng4 h3 41.R1b3 Qc1+ 42.Kh2 hxg2 43.Kxg2 Bf4 44.a6 Qc2+
45.Kg1 Kg6 46.Rb2 Qd1+ 47.Kg2 Be3  0-1